000 00236nam a2200097Ia 4500
008 190216s9999||||xx |||||||||||||| ||und||
100 _aBhagavathy Charan Varma
245 0 _aApne Kilone
260 _bMac Millian And Com. Ltd
942 _cBK
999 _c15226
_d15226